|
|
|
|
| LEADER |
00926ncm a22002532a 4500 |
| 001 |
001232707 |
| 003 |
CZ BrMZK |
| 005 |
20120720091355.0 |
| 008 |
960101s1960 xr f zxx d |
| 040 |
|
|
|a BOA001
|b cze
|
| 072 |
|
7 |
|a 785
|x Instrumentální hudba. Symfonická hudba. Hudba pro více nástrojů
|2 Konspekt
|9 9
|
| 100 |
1 |
|
|a Šesták, Jaroslav,
|d 1917-2003
|7 mzk2002113565
|4 cmp
|
| 245 |
1 |
0 |
|a Bedřichovská polka
|h [hudebnina] /
|c Jaroslav Marek. Co je nejhezčí : slowfox / Antonín Švehla
|
| 260 |
|
|
|a Praha :
|b Panton,
|c 1960
|
| 300 |
|
|
|a 21 hlasů
|
| 490 |
1 |
|
|a K tanci a poslechu ;
|v sv. 6
|
| 500 |
|
|
|a Taneční orchestr
|
| 700 |
1 |
|
|a Švehla, Antonín,
|d 1921-
|7 xx0003877
|4 cmp
|
| 740 |
0 |
2 |
|a Co je nejhezčí
|
| 830 |
|
0 |
|a K tanci a poslechu
|
| 910 |
|
|
|a BOA001
|b Mus4-0433.657
|
| 990 |
|
|
|a MU
|
| 991 |
|
|
|b 201207
|
| 996 |
6 |
|
|b 2619054023
|c Mus4-0433.657
|l MZK
|r Sklad / do 1 hodiny
|n 0
|w 001266456
|u 000010
|a 1
|e BOA001
|j MZK50
|s P
|